• 首页
  • 本馆介绍
  • 公告通知
  • 最新文献
  • 馆藏检索
  • 电子资源
  • 读者导购
  • 参考咨询
  • 我的图书馆
  • 登录
  • 详细信息显示
  • 放入我的书架
  • 预约/预借图书
  • 作者相关作品
  • 分类相关作品
  • 丛书相关作品
  • 出版社相关作品

书目信息

  • 表格格式
  • 工作单格式
  • 卡片格式
题名:
中学生物学教学法
    
 
作者: 周美珍
分册:  
出版信息: 北京   高等教育出版社  1992
页数: 294
开本: 20cm
丛书名:
单 册:
中图分类: G642.41
科图分类:
主题词: 教育--各级
电子资源:
ISBN: 7-5617-0706-1
000 00517nam0 2200181 450
001 0741144344
005 20070817112544.34
010    @a7-5617-0706-1@d¥3.04
100    @a20070817d km y0chiy0120 ea
101 0  @achi
200 1  @a中学生物学教学法@Azhong xue sheng wu xue jiao xue fa@f周美珍 @Fzhou mei zhen
210    @a北京@c高等教育出版社@d1992
215    @a294@d20cm
606 0  @a教育@x各级
690    @aG642.41@v3
701  0 @a周美珍@Azhou mei zhen
801  0 @aCN@bPFT@c20070817
905    @a213230@dG642.41@en2@f1
    
    中学生物学教学法/周美珍 .-北京:高等教育出版社,1992
    294;20cm
    
    
    ISBN 7-5617-0706-1:¥3.04
    
●
相关链接 在E读中查询图书 在五车中查询图书 在当当中查询图书 在豆瓣中查询图书


正题名:中学生物学教学法     索取号:G642.41/n2         预约/预借

序号 登录号 条形码 馆藏地/架位号 状态 备注
1 6600590   266005903   密集书库-生命科学系/ [索取号:G642.41/n2] 在馆    
2 6600591   266005912   密集书库-生命科学系/ [索取号:G642.41/n2] 在馆    
3 6600592   266005921   密集书库-生命科学系/ [索取号:G642.41/n2] 在馆    
唐山师范学院图书馆 欢迎您!
大连网信软件有限公司© 版权所有